| 000 | 00638cam a2200217 a 4500 | ||
|---|---|---|---|
| 020 | _a9780299284848 (pbk. : alk. paper) | ||
| 020 | _a0299284840 (pbk. : alk. paper) | ||
| 040 | _cDLC | ||
| 082 | 0 | 0 | _a557 ICI 2011 C166 Or. |
| 100 | 1 | _aMickelson, David M | |
| 245 | 1 | 0 | _aGeology of the Ice Age National Scenic Trail / |
| 260 |
_aMadison : _bUniversity of Wisconsin Press, _cc2011 |
||
| 300 |
_axii, 395 p. : _bcol. ill., col. maps ; _c26 cm |
||
| 650 | 0 | _aGeology | |
| 650 | 0 | _aGeology | |
| 650 | 0 | _aGlacial landforms | |
| 650 | 0 | _aGlacial landforms | |
| 700 | 1 | _aMaher, Louis J. | |
| 700 | 1 | _aSimpson, Susan L | |
| 942 | _cAEDBB | ||
| 999 |
_c19364 _d19364 |
||